000 01447nam a2200349 4500
001 42
003 OSt
005 20250528074010.0
008 250122b |||||||e |||| 00| 1 eng d
020 _a8520904742
040 _bpor
041 _heng
_apor
082 _a823
_bB152s
100 1 _aBaigent, Michael,
_d1948-2013
_9114
240 _aThe holy blood and the holy Grail
245 _aO Santo Graal e a linhagem Sagrada /
_cBaigent, Michael ; Leigh, Richard ; Lincoln, Henry e Tradução de Nadir Ferrari
250 _a3° edição
260 _aRio de Janeiro
_bNova Fronteira
_c1993
300 _a407 p.
520 _aNeste livro, os autores apresentam a hipótese de que o Jesus histórico se casou com Maria Madalena, tiveram dois ou mais filhos, e que as crianças ou os seus descendentes emigraram para a atual região sul da França. Uma vez lá, eles se envolveram com as famílias nobres que acabariam por tornar-se a dinastia merovíngia, cuja pretensão especial para o trono da França é defendida hoje por uma sociedade secreta chamada Priorado de Sião.
650 0 _aLiteratura Inglesa
_989
650 0 _aReligião
_9100
650 0 _aCatolocismo
_9115
650 0 _aHistória
_9116
650 0 _aPolêmica
_9117
655 0 _aRomance
_923
655 0 _aFicção
_922
700 _aLeigh, Richard
_eAutor
_9118
700 _aLincoln, Henry
_eAutor
_9119
700 _aNadir Ferrari
_eTradutor
_9120
942 _2ddc
_n0
_cBK
999 _c42
_d42